Zhodnotenie činnosti vybraného malého podniku v SR diplomová práca

Enregistré dans:
Détails bibliographiques
Auteur principal: Candrák, Michal
Collectivité auteur: Fakulta podnikového manažmentu EU. Katedra podnikovohospodárska
Autres auteurs: Šúbertová, Elena
Format: Livre
Langue:slovaque
Publié: Bratislava 2012
Tags: Ajouter un tag
Pas de tags, Soyez le premier à ajouter un tag!

MARC

LEADER 00000nbm a2200000 4500
001 0152452
005 20161109102038.1
041 0 |a slo 
044 |a SK 
245 1 0 |a Zhodnotenie činnosti vybraného malého podniku v SR  |b diplomová práca  |c Michal Candrák ; školiteľ: Elena Šúbertová 
264 1 |a Bratislava  |c 2012 
300 |a 68 s. 
100 1 |a Candrák, Michal 
700 1 |a Šúbertová, Elena 
710 2 |a Fakulta podnikového manažmentu EU. Katedra podnikovohospodárska